|
|
|
|
| LEADER |
00000cam a2200000 7i4500 |
| 001 |
0000278708 |
| 005 |
20210223152443.0 |
| 020 |
|
|
|a 9789674129156
|
| 090 |
0 |
0 |
|a 341.4809595
|b KEP
|
| 245 |
1 |
0 |
|a Kepelbagaian hak asasi manusia di Malaysia
|c disunting oleh Wan Siti Adibah Wan Dahalan ...[et.al.]
|
| 260 |
|
|
|a Bangi :
|b Penerbit Universiti Kebangsaan Malaysia ,
|c 2019
|
| 300 |
|
|
|a 284p. ;
|c 23cm.
|
| 650 |
|
0 |
|a Civil rights
|z Malaysia
|
| 650 |
|
0 |
|a Government publications
|z Malaysia
|
| 650 |
|
0 |
|a Human rights
|z Malaysia
|
| 700 |
0 |
|
|a Wan Siti Adibah Wan Dahalan
|
| 999 |
|
|
|a 00387170
|b BUKU
|c MALAYSIANA
|e PERPUSTAKAAN KOMUNITI PETALING JAYA
|